Catalog

Record Details

Catalog Search



Die Geschichte der Hitlerjugend : 1922 - 1945 ; die verlorene Kindheit  Cover Image Book Book

Die Geschichte der Hitlerjugend : 1922 - 1945 ; die verlorene Kindheit / Brenda Ralph Lewis

Record details

  • ISBN: 385492819X
  • Physical Description: 191 p. : in gran parte ill. ; 26 cm
  • Publisher: Wien : Tosa, 2003

Available copies

  • 1 of 1 copy available at Common Catalog SPOK.

Holds

  • 0 current holds with 1 total copy.
Show All Copies
Location Call Number / Copy Notes Barcode Shelving Location Status Due Date
Terezin Initiative Institute 4196 4594304196 Knihovna ITI Available -

LDR 00553nam a22001817i 4500
00149785
003CZ-PrJAB
00520221116155830.0
008160725s2003 au |||||| ||||| |ger|c
020 . ‡a385492819X
035 . ‡a(ItRI)IT ICCU PA1 0032847
040 . ‡bita
0410 . ‡ager
1001 . ‡aLewis, Brenda Ralph ‡4aut
24514. ‡aDie Geschichte der Hitlerjugend : ‡b1922 - 1945 ; die verlorene Kindheit / ‡cBrenda Ralph Lewis
260 . ‡aWien : ‡bTosa, ‡c2003
300 . ‡a191 p. : ‡bin gran parte ill. ; ‡c26 cm
910 . ‡aABE340 ‡b4196
995 . ‡aska
901 . ‡a49785 ‡bAUTOGEN ‡c49785 ‡tbiblio

Additional Resources